[Event "Gyor Amateur op 17th"]
[Site "Gyor"]
[Date "2019.05.26"]
[Round "4"]
[White "Nusser, Gergo"]
[Black "Toth, Denes"]
[Result "1/2-1/2"]
[WhiteElo "1330"]
[BlackElo "1280"]
[PlyCount "99"]
[EventDate "2019.05.25"]
[EventType "swiss"]
[EventRounds "5"]
[EventCountry "HUN"]
[SourceTitle "EXT 2020"]
[Source "ChessBase"]
[SourceDate "2019.10.17"]
[SourceVersion "1"]
[SourceVersionDate "2019.10.17"]
[SourceQuality "1"]

1. d4 e5 2. c4 exd4 3. Qxd4 Nc6 4. Qd1 Qh4 5. e3 Bb4+ 6. Nc3 Bxc3+ 7. bxc3 Ne5 8. Nf3 Nxf3+ 9. Qxf3 Qf6 10. Qe4+ Qe6 11. Qd4 Nf6 12. Be2 0-0 13. 0-0 b6 14. Bf3 Rb8 15. Ba3 c5 16. Qf4 Bb7 17. Bxb7 Rxb7 18. Rab1 d6 19. Rfd1 Rd7 20. Rd3 Qe4 21. Qxe4 Nxe4 22. f3 Nf6 23. Rbd1 Rfd8 24. e4 Kf8 25. Bc1 h6 26. Bf4 Ke7 27. Re1 Nh5 28. Bc1 g5 29. g3 f6 30. Rd5 Kf7 31. Rf1 Re8 32. Kf2 Re5 33. Rg1 Ng7 34. h4 Ne6 35. Re1 Nc7 36. Rd3 Kg6 37. f4 Ree7 38. h5+ Kg7 39. fxg5 fxg5 40. Kg2 Rf7 41. Red1 Kf8 42. e5 Ke7 43. Rxd6 Kd8 44. R6d2 Rxd2+ 45. Rxd2+ Ke7 46. Rd6 Ne6 47. g4 Nf4+ 48. Bxf4 Rxf4 49. Kg3 Re4 50. Rd5 1/2-1/2